Billie Eilish - HIT ME HARD AND SOFT - Statistics

General Stats
  • This quiz has been taken 140 times
  • The average score is 9 of 10
Answer Stats
2024 HIT ME HARD AND SOFT % Correct
2 LUNCH
99%
4 BIRDS OF A FEATHER
97%
5 WILDFLOWER
97%
10 BLUE
96%
1 SKINNY
96%
3 CHIHIRO
95%
8 THE DINER
94%
9 BITTERSUITE
89%
6 THE GREATEST
89%
7 L'AMOUR DE MA VIE
88%
No matching quizzes found
Score Distribution
Percent of People with Each Score
Percentile by Number Answered
Your Score History
You have not taken this quiz